000 00711nam a2200205 i 4500
001 114458
003 ES-MaACL
005 20240524193120.0
007 t|
008 070301s1868 sp |||| | spa d
080 _a821.111-31"18"
100 1 _aJames, George Payne Rainsford.
_965965
245 1 3 _aLa dama y el paje
_b: novela histórica /
_cpor G.P.R. James ; traducida directamente del inglés.
260 _aMadrid :
_b[s.n.],
_c1868 (
_fImp. de las Novedades)
300 _a252 p. ;
_c22 cm.
490 1 _aFolletín de las Novedades
830 0 _aFolletín de las novedades
_9185765
852 _aES-MaACL
_jG-4760(7)
_z- Enc. con otras obras
_z. - Legado M. de la Fuente
999 _c114458
_d114458